00677nam a2200289Ia 4500008004100000040001200041082001700053082001500070100001800085245002400103250000600127260000900133260002700142260000900169300001200178300000600190300001400196530001800210530001700228563001000245600001800255630002400273650002700297650002100324700001800345730002400363160525s9999||||xx |||||||||||||| ||und|| cMarathi aXI.H/Akolkar bBORI-57458 aV. V. Akolkar aSamajik Manashastra b1 aPune bAnirudh Anant Kulkarni c1971 a8+351pp cB eHardbound b"Joshi, G. N" u00057458.pdf aStudy aV. V. Akolkar aSamajik Manashastra a"Folk Lit, Psychology" aGeneral Indology aV. V. Akolkar aSamajik Manashastra